01148cam a2200217 a 450000500170000000800410001704000230005804100080008104400070008908200190009611100920011524502790020726000910048630000480057750400420062565000710066765000620073870000490080070000410084970000400089020160420163932.0971016s1996 ck r 10010 spa d ala cladCO-BoIAVH0 aspa ack04a333.72 bE52p 2 aEncuentro de Periodistas para la Conservación de la Biodiversidad (d: 1995 : cBuga)10aProceso de formación a periodistas : bMemorias del II encuentro de periodistas para la conservacón de la biodiversidad / ceditado por María Margarita Gaitán Uribe, Nubia Patricia Castro R. y Liliana Flórez Bernal. ; dirección técnica Juan Manuel Navarrete R. aSanta Fe de Bogotá : bProyecto Biopacífico, Ministerio del Medio Ambiente,c1996. a149, 15 páginas ; c27 x 21 centímetros aIncluye referencias bibliográficas.16aProtección ambientalz Colombiav Congresos, conferencias, etc..26aBiodiversidadz Colombiav Congresos, conferencias, etc..1 aGaitán Uribe, María Margarita, eeditora1 aCastro R., Nubia Patricia, eeditora1 aFlórez Bernal, Liliana, eeditora